All foreign players Lazio Roma - Statistics

General Stats
  • This quiz has been taken 65 times
  • The average score is 63 of 246
Answer Stats
Hint Answer % Correct
Felipe Anderson
84%
Pedro
84%
Sergej Milinković-Savić
84%
Elseid Hysaj
82%
Luis Alberto
82%
Miroslav Klose
80%
Hernán Crespo
78%
Thomas Strakosha
78%
Kennet Andersson
74%
Djavan Anderson
72%
Felipe Caicedo
72%
Juan Sebastián Verón
72%
Matías Vecino
72%
Pavel Nedvěd
72%
Stefan Radu
72%
Lucas Leiva
68%
Siniša Mihajlović
68%
Goran Pandev
66%
Senad Lulić
64%
Etrit Berisha
62%
Hernanes
62%
Joaquín Correa
62%
Lucas Correa
62%
Valon Berisha
62%
Bastos
60%
Claudio López
60%
Patric
60%
Pepe Reina
60%
Stephan Lichtsteiner
60%
Adam Marušić
58%
Aleksandar Kolarov
58%
Djibril Cissé
58%
Gila
58%
Daichi Kamada
56%
Dejan Stanković
56%
Gustav Isaksen
56%
Stefan De Vrij
56%
Oscar López
54%
Paul Gascoigne
54%
Taty Castellanos
54%
Diego Simeone
52%
Jaap Stam
52%
Jordan Lukaku
52%
Keita Baldé
52%
Lucas Biglia
52%
Mattéo Guendouzi
52%
Fernando Muslera
48%
Jean-Daniel Akpa-Akpro
48%
Mauro Zárate
48%
Mendieta
48%
Toma Bašić
48%
Wesley Hoedt
48%
André Dias
46%
Diego González
46%
Marcelo Salas
46%
Martín Cáceres
46%
Ogenyi Onazi
46%
Alen Bokšić
44%
Álvaro González
44%
Esteban González
44%
Igli Tare
44%
Matías Almeyda
44%
Vedat Muriqi
44%
Wallace
44%
Dušan Basta
42%
Sérgio Conceição
42%
Gabriel Pereira
40%
Andreas Pereira
38%
Pedro Neto
38%
Fernando Couto
36%
Nani
36%
Christos Mandas
34%
Julio Cruz
34%
Saná Fernandes
34%
Thomas Hitzlsperger
34%
Abdoulay Konko
32%
Bobby Adekanye
32%
Ederson
32%
Joseph Minala
32%
Karel Poborský
32%
Lorik Cana
32%
Luka Romero
32%
Marius Adamonis
32%
Ravel Morrison
32%
Roberto Sensini
32%
Marius Stankevičius
30%
Mohamed Fares
30%
Santiago Gentiletti
30%
Valon Behrami
30%
Brayan Perea
28%
Denis Vavro
28%
Juan Carrizo
28%
Matuzalém
28%
Samir Handanovič
28%
César
26%
Emílson Cribari
26%
Libor Kozák
26%
Luis Cavanda
26%
Rubén Sosa
26%
De La Peña
24%
Jorge Silva
24%
Jovane Cabral
24%
Karl-Heinz Riedle
24%
Lionel Scaloni
24%
Marcos Antônio
24%
Modibo Diakité
24%
Ousmane Dabo
24%
Vladimir Jugović
24%
Aron Winter
22%
Diego Novaretti
22%
Jony
22%
Luís Maximiano
22%
Mauricio
22%
Michaël Ciani
22%
Michael Laudrup
22%
Mourad Meghni
22%
Riza Durmisi
22%
Stephen Makinwa
22%
Albano Bizzarri
20%
Bruno Pereirinha
20%
Edson Braafheid
20%
Filip Đorđević
20%
Gaby Mudingayi
20%
Gaël Kakuta
20%
Hélder Postiga
20%
Juan Sorín
20%
Luis Jiménez
20%
Mark Bresciano
20%
Mateo Musacchio
20%
Silvio Proto
20%
Christian Manfredini
18%
José Chamot
18%
Lucas Castromán
18%
Raúl Moro
18%
Emiliano Alfaro
16%
Milan Badelj
16%
Ricardo Kishna
16%
Dimitrije Kamenović
14%
Mamadou Tounkara
14%
Sofian Kiyine
14%
Bruno Jordão
12%
David Rozehnal
12%
Javi Garrido
12%
John Hansen
12%
Louis Saha
12%
Mark Fish
12%
Paul Okon
12%
Ragnar Larsen
12%
Thomas Doll
12%
Amarildo
10%
Darko Kovačević
10%
Gonzalo Escalante
10%
Marco Alia
10%
Milan Biševac
10%
Moritz Leitner
10%
Nelson Gutiérrez
10%
Anthony Šeric
8%
Braian Robert
8%
Chris Ikonomidis
8%
Franjo Prce
8%
Gonzalo Barreto
8%
Ivan Vargić
8%
Kurt Christensen
8%
Leonardo Talamonti
8%
Luan Capanni
8%
Matías Lequi
8%
Nikola Lazetić
8%
Pepe
8%
Petr Manola
8%
Roberto Delgado
8%
Ronaldo
8%
Angel Ndrecka
6%
Batista
6%
Christian Keller
6%
Daniel Ola
6%
Denis Petro
6%
Enzo Adeagbo
6%
Florent Shehu
6%
Guiseppe Castello
6%
Josip Elez
6%
Libis Arenas
6%
Miguel Vitali
6%
Mohamed Abukar
6%
Moustapha Seck
6%
Patryk Dzicek
6%
Pedro Troglio
6%
Szymon Czyż
6%
Vincent Degré
6%
Alexandre De Maria
4%
Antonio Vojak
4%
Denis Boshnjaku
4%
Djair
4%
Duje Javorčić
4%
Eliseu
4%
Ferenc Nyers
4%
Gustavo Dezotti
4%
Karl Aage Præst
4%
Kristjan Matoševič
4%
Madiu Bari
4%
Milos Antić
4%
Oscar Frey
4%
Siqueira
4%
Tiago Casasola
4%
Alberto Fazio
2%
Amilcar
2%
André Tedesco
2%
Anselmo Pisa
2%
Arne Selmosson
2%
Benedicto
2%
Can Bartu
2%
Clerici
2%
Del Debbio
2%
Dionisio Arce
2%
Diulio Salatin
2%
Emeka Ojiakor
2%
Engelbert König
2%
Enrico Martegani
2%
Enrique Flamini
2%
Evaristo Barrera
2%
Filó
2%
Henrique Serafini
2%
Humberto Tozzi
2%
Jenő Ligeti
2%
Juan Carlos Morrone
2%
Leoncino Unzain
2%
Loro Boriçi
2%
Massimiliano Faotto
2%
Michele Andreolo
2%
Niginho
2%
Norberto Höfling
2%
Orlando Fantoni
2%
Per Bredesen
2%
Richard Mapuata
2%
Rubén Merighi
2%
Salustiano Vidal
2%
Salvatore Gualtieri
2%
Sani Emmanuel
2%
Sergio Kalaj
2%
Seyi Adeleke
2%
Sigvard Löfgren
2%
Silvano Martina
2%
Silvestro Pisa
2%
Şükrü Gülesin
2%
Víctor Guaglianone
2%
Vinícius Freitas
2%
Zvonko Monsider
2%
No matching quizzes found
Score Distribution
Percent of People with Each Score
Percentile by Number Answered
Your Score History
You have not taken this quiz